000 00687 a2200193 4500
001 135265
020 _a85-98864-12-9
040 _cLeonardo Da Vinci
041 _aPortuguês
082 _a299.72 D495
_bD495
245 _aDeuses gregos
260 _bFAAP
_c2006
_aSão Paulo
300 _a424
362 _a20060000
490 _aColeção do Museu Pergamon de Berlim
500 _aCuradores: Dogmar Grassinger, Tiago de Oliveira Pinto, Andreas Scholl
_aColaboração científica de Andreas Scholl
_aAcompanha quatro catálogos
697 _aMitologia grega
_aFilosofia grega
_aCronologia grega
_aGenealogia grega
_aDeuses gregos
_aTeatro
_aSantuário
_aAltar de Pergamon
942 _cBK
999 _c135265
_d135265